| 000 | 004430000a22001690004500 | ||
|---|---|---|---|
| 003 | MACL | ||
| 005 | 20151229124946.0 | ||
| 008 | 151229b xxu||||| |||| 00| 0 eng d | ||
| 040 |
_aMACL _cMACL |
||
| 041 | _aEnglish | ||
| 082 | _a294.5/AKH | ||
| 100 |
_aSwami Akhandananda _923737 |
||
| 245 | _aFrom Holy Wanderings to The Service of God in Man | ||
| 260 | _bSri Ramakrishna Math | ||
| 650 |
_aReligion _923738 |
||
| 942 |
_cBK _k294.5/AKH _2ddc |
||
| 999 |
_c34409 _d34409 |
||